MARC

Tag First Indicator Second Indicator Subfields
LEADER 00000cam a2200000Ii 4500
001 in00003811321
005 20170926120226.0
008 761021s1867 enkaf 000 0 eng d
016 7 |a 001494315  |2 Uk 
029 1 |a AU@  |b 000045179827 
035 |a (OCoLC)ocm02518649 
035 |a (OCoLC)2518649 
040 |a TYC  |b eng  |c TYC  |d OCLCG  |d DRB  |d OCLCG  |d KRTAS  |d MHW  |d OCLCQ  |d OCLCO  |d UKMGB  |d OCLCQ  |d OCLCF  |d AUD  |d TXA  |d UtOrBLW 
049 |a TXAM 
050 4 |a PR3500.A5  |b W3 1867 
100 1 |a Gray, Thomas,  |d 1716-1771.  |0 http://id.loc.gov/authorities/names/n79089789 
245 1 0 |a Poems and letters /  |c by Thomas Gray. 
246 1 8 |a Gray's poems & letters 
246 1 8 |a Gray's poems and letters 
264 3 |a London :  |b Printed at the Chiswick Press,  |c 1867. 
300 |a xvi, 415 pages, 4 unnumbered leaves of plates :  |b illustrations ;  |c 29 cm 
336 |a text  |b txt  |2 rdacontent 
337 |a unmediated  |b n  |2 rdamedia 
338 |a volume  |b nc  |2 rdacarrier 
500 |a Plates are mounted photographs. 
500 |a "Mr. Thomas Gray (by the Hon. Horace Walpole)": p. [xiii]-xvi. 
600 1 0 |a Gray, Thomas,  |d 1716-1771  |v Correspondence. 
600 1 7 |a Gray, Thomas,  |d 1716-1771.  |2 fast  |0 (OCoLC)fst00040712 
655 7 |a Records and correspondence.  |2 fast  |0 (OCoLC)fst01423917 
655 4 |a Photographically illustrated poems  |z Great Britain  |y 19th century. 
655 7 |a Albumen prints  |z Great Britain  |z England  |z London  |y 19th century.  |2 aat 
700 1 |a Walpole, Horace,  |d 1717-1797.  |0 http://id.loc.gov/authorities/names/n80126297 
938 |a Kirtas Technologies, Inc.  |b KRTS  |n 495492 
948 |a cataloged  |b h  |c 2017/5/31  |d c  |e dchroust  |f 9:50:52 am 
994 |a C0  |b TXA 
999 f f |s 6cacec27-b4df-352e-a113-a44fd8bb3ebd  |i 17d40da4-3002-364e-9689-b453c3799a10  |t 0 
952 f f |p noncirc  |a Texas A&M University  |b College Station  |c Cushing Memorial Library & Archives  |d Cushing: Dawson French (Does not check out)  |t 0  |e PR3500.A5 W3 1867  |h Library of Congress classification  |i unmediated -- volume 
998 f f |a PR3500.A5 W3 1867  |t 0  |l Cushing: Dawson French (Does not check out)